[Event "Florianopolis op 6th"]
[Site "Florianopolis"]
[Date "2020.01.25"]
[Round "9"]
[White "Kikuchi Cadilhac, Mariana Sawae"]
[Black "Junior, Elias Vidal Bezerra"]
[Result "1-0"]
[WhiteElo "1780"]
[BlackElo "1536"]
[PlyCount "67"]
[EventDate "2020.01.20"]
[EventType "swiss"]
[EventRounds "10"]
[EventCountry "BRA"]
[SourceTitle "CBM 194 Extra"]
[Source "ChessBase"]
[SourceDate "2020.03.31"]
[SourceVersion "1"]
[SourceVersionDate "2020.03.31"]
[SourceQuality "1"]

1. e4 d5 2. exd5 Qxd5 3. Nc3 Qa5 4. d4 Nf6 5. Nf3 Bg4 6. Bc4 e6 7. 0-0 Bd6 8. Be3 Qh5 9. h3 Bxh3 10. gxh3 Qxh3 11. Re1 Ng4 12. Nb5 Nd7 13. Nxd6+ cxd6 14. Bf4 0-0-0 15. Bf1 Qh5 16. Nh2 Ndf6 17. Be2 Qf5 18. Bg3 Nxh2 19. Kxh2 h5 20. Bd3 Qd5 21. Bf1 g5 22. Bg2 Qf5 23. Kg1 h4 24. Bh2 h3 25. Bh1 Rh4 26. Re3 Nd5 27. Rf3 Qg6 28. Qd3 Qh5 29. Qc4+ Kb8 30. Rb3 Rd7 31. Qc6 Qg4+ 32. Kf1 Nb6 33. Rxb6 axb6 34. Qxd7 1-0

[Event "Florianopolis op 6th"]
[Site "Florianopolis"]
[Date "2020.01.23"]
[Round "6"]
[White "Junior, Elias Vidal Bezerra"]
[Black "Almeida, Bianca Martins"]
[Result "0-1"]
[WhiteElo "1536"]
[BlackElo "1175"]
[PlyCount "76"]
[EventDate "2020.01.20"]
[EventType "swiss"]
[EventRounds "10"]
[EventCountry "BRA"]
[SourceTitle "CBM 194 Extra"]
[Source "ChessBase"]
[SourceDate "2020.03.31"]
[SourceVersion "1"]
[SourceVersionDate "2020.03.31"]
[SourceQuality "1"]

1. d4 d5 2. c4 Nf6 3. Nc3 Nc6 4. h3 e6 5. Bg5 Be7 6. Nf3 dxc4 7. e4 Nd7 8. Bxe7 Qxe7 9. Bxc4 Nb6 10. Bb3 0-0 11. 0-0 Na5 12. Bc2 Bd7 13. Qd3 g6 14. Rfe1 Rad8 15. Qd2 Nac4 16. Qh6 Nxb2 17. e5 f6 18. Ne4 fxe5 19. dxe5 Qg7 20. Qg5 Bc6 21. Nf6+ Kh8 22. Qc1 Bxf3 23. Qxb2 Bd5 24. Re3 Nc4 25. Qc3 Nxe3 26. Qxe3 b6 27. a3 c5 28. g4 Qb7 29. Kh2 Qc7 30. f4 b5 31. Qg3 Bc6 32. Bxg6 Rd2+ 33. Kg1 Rg2+ 34. Qxg2 Bxg2 35. Rd1 hxg6 36. Rd7 Qxd7 37. Nxd7 Rd8 38. Nxc5 Bxh3 0-1

[Event "Cuiaba Contaud op"]
[Site "Cuiaba"]
[Date "2017.07.30"]
[Round "6"]
[White "Fonseca, Luis Ernesto Serra"]
[Black "Junior, Elias Vidal Bezerra"]
[Result "1-0"]
[WhiteElo "2013"]
[BlackElo "1562"]
[PlyCount "121"]
[EventDate "2017.07.28"]
[EventType "swiss"]
[EventRounds "6"]
[EventCountry "BRA"]
[SourceTitle "EXT 2018"]
[Source "ChessBase"]
[SourceDate "2017.10.13"]
[SourceVersion "1"]
[SourceVersionDate "2017.10.13"]
[SourceQuality "1"]

1. e4 d5 2. exd5 Qxd5 3. Nc3 Qd8 4. d4 Nf6 5. Nf3 Bg4 6. Bc4 e6 7. h3 Bh5 8. 0-0 Be7 9. Bf4 c6 10. Be2 0-0 11. g4 Bg6 12. Ne5 Nd5 13. Nxd5 Qxd5 14. Nxg6 hxg6 15. c3 Qd8 16. Qb3 Qd7 17. Rfd1 b6 18. a4 Bd6 19. Be3 Qe7 20. Bf3 Bc7 21. a5 Qd6 22. axb6 Qh2+ 23. Kf1 Bxb6 24. c4 Nd7 25. Bxc6 Rad8 26. c5 Bc7 27. Bg5 Nf6 28. Rxa7 Rb8 29. Qc3 Nd5 30. Bxd5 exd5 31. Qf3 Rfe8 32. Bc1 Rb3 33. Qg2 Bf4 34. Qxh2 Bxh2 35. Kg2 Bb8 36. Rd7 g5 37. Rxd5 Bf4 38. Bxf4 gxf4 39. Rf5 Rxb2 40. Rxf4 Rc2 41. Rf3 Rd8 42. Rdd3 g6 43. Rc3 Rxc3 44. Rxc3 Rxd4 45. c6 Rd8 46. c7 Rc8 47. Kf3 Kg7 48. Ke4 Kf8 49. Kd5 Ke7 50. Kc6 f6 51. Kb7 Rf8 52. c8Q Rxc8 53. Kxc8 Ke6 54. Re3+ Kf7 55. Kd7 g5 56. Re7+ Kg6 57. Ke6 Kh6 58. Rf7 Kg6 59. Rxf6+ Kg7 60. Ke7 Kh7 61. Kf7 1-0

[Event "Cuiaba Contaud op"]
[Site "Cuiaba"]
[Date "2017.07.30"]
[Round "5"]
[White "Junior, Elias Vidal Bezerra"]
[Black "Araujo, Kleber de Carvalho"]
[Result "1-0"]
[WhiteElo "1562"]
[BlackElo "1800"]
[PlyCount "59"]
[EventDate "2017.07.28"]
[EventType "swiss"]
[EventRounds "6"]
[EventCountry "BRA"]
[SourceTitle "EXT 2018"]
[Source "ChessBase"]
[SourceDate "2017.10.13"]
[SourceVersion "1"]
[SourceVersionDate "2017.10.13"]
[SourceQuality "1"]

1. d4 d5 2. Nf3 Nf6 3. Bg5 e6 4. e3 Be7 5. Bd3 Nbd7 6. 0-0 0-0 7. Nbd2 c5 8. c3 c4 9. Bc2 b6 10. Re1 Bb7 11. h3 b5 12. e4 dxe4 13. Nxe4 Nxe4 14. Bxe7 Qxe7 15. Bxe4 Bxe4 16. Rxe4 Rad8 17. Qc2 Nf6 18. Re5 Rd5 19. Rae1 Rfd8 20. Nh2 Qb7 21. a3 a6 22. f4 g6 23. Ng4 Nh5 24. Qf2 Kg7 25. Qh4 Rxe5 26. Rxe5 Rd5 27. Qg5 Qd7 28. Qh6+ Kg8 29. Rxh5 Rxh5 30. Nf6+ 1-0

[Event "Cuiaba Contaud op"]
[Site "Cuiaba"]
[Date "2017.07.29"]
[Round "3"]
[White "Junior, Elias Vidal Bezerra"]
[Black "Cunha, Hudson Nogueira"]
[Result "0-1"]
[WhiteElo "1562"]
[BlackElo "1800"]
[PlyCount "76"]
[EventDate "2017.07.28"]
[EventType "swiss"]
[EventRounds "6"]
[EventCountry "BRA"]
[SourceTitle "EXT 2018"]
[Source "ChessBase"]
[SourceDate "2017.10.13"]
[SourceVersion "1"]
[SourceVersionDate "2017.10.13"]
[SourceQuality "1"]

1. d4 d5 2. Bg5 Nf6 3. Bxf6 exf6 4. Nf3 Bf5 5. g3 Bb4+ 6. c3 Bd6 7. Bg2 Qc8 8. h3 c6 9. Nbd2 0-0 10. c4 dxc4 11. Nxc4 Bb4+ 12. Nfd2 Rd8 13. e3 Qe6 14. b3 b5 15. a3 Bc3 16. Rc1 Bxd4 17. Na5 Bxe3 18. fxe3 Qxe3+ 19. Qe2 Qxg3+ 20. Kf1 Bd3 21. Re1 Re8 22. Ne4 Qf4+ 23. Kg1 Bxe2 24. Rxe2 Nd7 25. Nxc6 Qc1+ 26. Kh2 Qxc6 27. Rhe1 Ne5 28. Nxf6+ Qxf6 29. Bxa8 Rxa8 30. Rxe5 Qd6 31. Kh1 Qxa3 32. Re8+ Rxe8 33. Rxe8+ Qf8 34. Rxf8+ Kxf8 35. b4 Ke7 36. Kg2 Kd6 37. Kf3 Kd5 38. Ke3 Kc4 0-1

[Event "Brasilia Terraviva op"]
[Site "Brasilia"]
[Date "2017.01.08"]
[Round "5"]
[White "Junior, Elias Vidal Bezerra"]
[Black "Penha, Evelyn Maximiano"]
[Result "1/2-1/2"]
[WhiteElo "1782"]
[BlackElo "1634"]
[PlyCount "54"]
[EventDate "2017.01.06"]
[EventType "swiss"]
[EventRounds "6"]
[EventCountry "BRA"]
[SourceTitle "CBM 176 Extra"]
[Source "ChessBase"]
[SourceDate "2017.03.02"]
[SourceVersion "1"]
[SourceVersionDate "2017.03.02"]
[SourceQuality "1"]

1. d4 Nf6 2. Bg5 d5 3. Bxf6 exf6 4. g3 Be6 5. Bg2 f5 6. e3 Nd7 7. a3 Nf6 8. c4 c6 9. c5 b6 10. b4 b5 11. Ne2 Be7 12. 0-0 0-0 13. Nd2 Ne4 14. Nf3 Qc7 15. Ne5 a5 16. Qc2 a4 17. Nf4 g5 18. Nxe6 fxe6 19. Bxe4 fxe4 20. Qe2 Bf6 21. Ng4 Bg7 22. h3 Rf5 23. Kg2 Raf8 24. Ra2 Qf7 25. Rc2 Qc7 26. Ra2 Qf7 27. Rc2 Qc7 1/2-1/2

[Event "Brasilia Terraviva op"]
[Site "Brasilia"]
[Date "2017.01.06"]
[Round "1"]
[White "Junior, Elias Vidal Bezerra"]
[Black "Montufar Berrios, Eymi Priscila"]
[Result "0-1"]
[WhiteElo "1782"]
[BlackElo "1869"]
[PlyCount "72"]
[EventDate "2017.01.06"]
[EventType "swiss"]
[EventRounds "6"]
[EventCountry "BRA"]
[SourceTitle "CBM 176 Extra"]
[Source "ChessBase"]
[SourceDate "2017.03.02"]
[SourceVersion "1"]
[SourceVersionDate "2017.03.02"]
[SourceQuality "1"]

1. e4 c5 2. d4 cxd4 3. c3 d6 4. cxd4 Nf6 5. Nc3 Nbd7 6. Bb5 a6 7. Ba4 b5 8. Bc2 Bb7 9. Nf3 e6 10. Bg5 Be7 11. 0-0 h6 12. Bxf6 Bxf6 13. a3 0-0 14. Qd3 g6 15. Rfe1 Bg7 16. Rad1 Qc7 17. d5 exd5 18. exd5 Rac8 19. Re3 Nb6 20. Rde1 Bxc3 21. Re7 Bxe1 22. Rxc7 Rxc7 23. Nxe1 Re8 24. Nf3 Bxd5 25. h4 Re6 26. Bb3 Bxb3 27. Qxb3 Rc1+ 28. Kh2 Nc4 29. a4 Re2 30. axb5 Rxb2 31. Qa4 axb5 32. Qa8+ Kg7 33. Qd5 Rcc2 34. Nd4 Rxf2 35. Nxb5 Rxg2+ 36. Kh1 Rgd2 0-1